Persona 3 / 5 Dancing Character Quiz - Statistics

General Stats
  • This quiz has been taken 28 times
  • The average score is 21 of 24
Answer Stats
Character Origin % Correct
Makoto Yuki Base Game
100%
Akihiko Sanada Base Game
95%
Ann Takamaki Base Game
95%
Futaba Sakura Base Game
95%
Haru Okumura Base Game
95%
Junpei Iori Base Game
95%
Makoto Niijima Base Game
95%
Mitsuru Kirijo Base Game
95%
Morgana Base Game
95%
Aigis Base Game
91%
Elizabeth Base Game
91%
Fuuka Yamagishi Base Game
91%
Goro Akechi DLC - "Will Power"
91%
Ken Amada Base Game
91%
Ren Amamiya Base Game
91%
Ryuji Sakamoto Base Game
91%
Yusuke Kitagawa Base Game
91%
Caroline and Justine Base Game
86%
Lavenza DLC - "Beneath the Mask"
86%
Shinjiro Aragaki DLC - "Battle Hymn of the Soul"
86%
Yukari Takeba Base Game
86%
Theodore DLC - "A Way of Life" (Deep inside my mind Remix)
77%
Labrys DLC - "Today"
64%
Sho Minazuki DLC - "Break Out Of..." (ATLUS Kitajoh Remix)
59%
No matching quizzes found
Score Distribution
Percent of People with Each Score
Percentile by Number Answered
Your Score History
You have not taken this quiz